000 00495nam a22001577a 4500
999 _c10485
_d10485
003 GBCCL
005 20241126110733.0
008 240814b ||||| |||| 00| 0 eng d
040 _cgbc
082 _aARC GBC-2023
_bSHO
100 _aShoute, Mungsonlian
_918260
245 _aAnalysis of youth participation in the church in the context of Evangelical Baptist Convention church in New Lamka
260 _aNew Lamka :
_bGrace Bible college,
_c2023
300 _a58p. ;
_c28cm.
942 _2ddc
_cTH